<The> Economic journal <the> quarterly journal of the Royal economic society

Salvato in:
Dettagli Bibliografici
Natura: Periodico
Lingua:inglese
Pubblicazione: London Royal Economic Society 1984
Tags: Aggiungi Tag
Nessun Tag, puoi essere il primo ad aggiungerne!!

MARC

LEADER 00000nas2a2200000 4500
001 s107225
005 20250730114159.3
041 0 |a eng 
044 |a GB 
245 1 0 |a <The> Economic journal  |b <the> quarterly journal of the Royal economic society 
264 1 |a London  |b Royal Economic Society  |c 1984 
300 |a 2 zv. 
773 0 |w eu_un_cat*s120145